[Event "Varese op 9th"]
[Site "Varese"]
[Date "2009.10.17"]
[Round "5"]
[White "Novi, Giuseppe"]
[Black "Macchi, Marco"]
[Result "1/2-1/2"]
[WhiteElo "1818"]
[BlackElo "1708"]
[PlyCount "121"]
[EventDate "2009.10.10"]
[EventType "swiss"]
[EventRounds "6"]
[EventCountry "ITA"]
[SourceTitle "EXT 2024"]
[Source "ChessBase"]
[SourceDate "2023.10.10"]
[SourceVersion "1"]
[SourceVersionDate "2023.10.10"]
[SourceQuality "1"]

1. e4 e6 2. d3 d5 3. Nd2 dxe4 4. Nxe4 Nf6 5. Qe2 Be7 6. g3 Bd7 7. Bg2 Bc6 8. Nf3 0-0 9. 0-0 Nbd7 10. Nd4 Bxe4 11. dxe4 c5 12. Nb3 Rc8 13. c4 e5 14. Bd2 Nb8 15. Rad1 Qc7 16. Bc3 Nc6 17. Nd2 Nd4 18. Bxd4 cxd4 19. b3 Rfd8 20. Qd3 Bb4 21. Nf3 Nd7 22. Nh4 Nc5 23. Qf3 Ne6 24. Bh3 Ng5 25. Qg2 Nxh3+ 26. Qxh3 Qd7 27. Qxd7 Rxd7 28. Rd3 Rc5 29. Nf5 g6 30. Nh4 Kg7 31. g4 Ra5 32. a4 a6 33. f4 f6 34. fxe5 fxe5 35. g5 Rc5 36. Nf3 Rf7 37. Nd2 Rxf1+ 38. Kxf1 Rc7 39. Nf3 Rf7 40. Kg2 Bd6 41. c5 Bc7 42. b4 Rf4 43. Nd2 Rg4+ 44. Rg3 Rxg3+ 45. Kxg3 Kf7 46. Kf3 Ke6 47. Ke2 b6 48. c6 b5 49. Nb3 Kd6 50. axb5 axb5 51. Nc1 Kxc6 52. Nd3 Bd6 53. h4 Kd7 54. Kf3 Ke6 55. Kg4 Kf7 56. Kf3 Kg7 57. Kg3 h6 58. Kg4 hxg5 59. hxg5 Kf7 60. Kh4 Ke6 61. Kg4 1/2-1/2

[Event "Varese op 9th"]
[Site "Varese"]
[Date "2009.10.11"]
[Round "3"]
[White "Collobiano, Alberto"]
[Black "Macchi, Marco"]
[Result "1/2-1/2"]
[WhiteElo "1993"]
[BlackElo "1708"]
[PlyCount "52"]
[EventDate "2009.10.10"]
[EventType "swiss"]
[EventRounds "6"]
[EventCountry "ITA"]
[SourceTitle "EXT 2024"]
[Source "ChessBase"]
[SourceDate "2023.10.10"]
[SourceVersion "1"]
[SourceVersionDate "2023.10.10"]
[SourceQuality "1"]

1. e4 e6 2. d4 d5 3. exd5 exd5 4. Nf3 Bd6 5. Bd3 Bg4 6. h3 Bxf3 7. Qxf3 Ne7 8. 0-0 0-0 9. c3 c6 10. Nd2 Nd7 11. Re1 Nf6 12. Nf1 Ng6 13. Bg5 Be7 14. Ng3 Nd7 15. Bd2 Re8 16. Nf5 Bf8 17. Rxe8 Qxe8 18. Re1 Qd8 19. h4 Nxh4 20. Nxh4 Qxh4 21. Qf5 Nf6 22. Bg5 Qh5 23. Bxf6 Qxf5 24. Bxf5 gxf6 25. g3 Kg7 26. Kg2 h6 1/2-1/2

[Event "Varese op 9th"]
[Site "Varese"]
[Date "2009.10.10"]
[Round "2"]
[White "Macchi, Marco"]
[Black "Mondini, Francesco"]
[Result "1/2-1/2"]
[WhiteElo "1708"]
[BlackElo "1472"]
[PlyCount "70"]
[EventDate "2009.10.10"]
[EventType "swiss"]
[EventRounds "6"]
[EventCountry "ITA"]
[SourceTitle "EXT 2024"]
[Source "ChessBase"]
[SourceDate "2023.10.10"]
[SourceVersion "1"]
[SourceVersionDate "2023.10.10"]
[SourceQuality "1"]

1. e4 e6 2. d4 d5 3. Nc3 Bb4 4. e5 c5 5. a3 Bxc3+ 6. bxc3 c4 7. Qg4 Ne7 8. Qxg7 Rg8 9. Qxh7 Qa5 10. Bd2 Nd7 11. Nf3 Nf8 12. Qh5 Bd7 13. Ng5 Nfg6 14. Qf3 Nf5 15. g4 Nh6 16. h4 0-0-0 17. Nxf7 Nxf7 18. Qxf7 Rdf8 19. Qh7 Nf4 20. Qe7 Qa4 21. Bxf4 Rxf4 22. Ra2 Rgf8 23. Rh2 R8f7 24. Qb4 Rxg4 25. Qxa4 Bxa4 26. Be2 Rg1+ 27. Kd2 a5 28. h5 Rh7 29. Rh4 Be8 30. f4 Rg2 31. Ra1 Rxh5 32. Rah1 Rxh4 33. Rxh4 Bg6 34. Rg4 Rxg4 35. Bxg4 Kd7 1/2-1/2

[Event "Varese op 9th"]
[Site "Varese"]
[Date "2009.10.10"]
[Round "1"]
[White "Nipote, Mario"]
[Black "Macchi, Marco"]
[Result "1-0"]
[WhiteElo "1419"]
[BlackElo "1708"]
[PlyCount "115"]
[EventDate "2009.10.10"]
[EventType "swiss"]
[EventRounds "6"]
[EventCountry "ITA"]
[SourceTitle "EXT 2024"]
[Source "ChessBase"]
[SourceDate "2023.10.10"]
[SourceVersion "1"]
[SourceVersionDate "2023.10.10"]
[SourceQuality "1"]

1. d4 f5 2. Nf3 Nf6 3. c4 g6 4. Nc3 Bg7 5. Bg5 0-0 6. e3 d6 7. Bd3 Na6 8. a3 c5 9. 0-0 Nc7 10. Re1 cxd4 11. exd4 Ne6 12. d5 Nxg5 13. Nxg5 Ng4 14. Nf3 Nxf2 15. Kxf2 Qb6+ 16. Kf1 Qxb2 17. Ne2 e5 18. Bc2 Qb6 19. Ng5 Re8 20. Ng3 Bf6 21. Nh3 Kg7 22. Rb1 Qc5 23. Qd3 e4 24. Qb3 b6 25. Nf4 Bd7 26. Nxe4 fxe4 27. Bxe4 Rac8 28. Rbc1 Be5 29. Nd3 Rf8+ 30. Bf3 Qc7 31. Nxe5 dxe5 32. Qc3 Rce8 33. Re2 Bg4 34. Re3 Kg8 35. Rce1 Rf4 36. Re4 Rxe4 37. Rxe4 Bf5 38. Re1 e4 39. g3 Qf7 40. Bg2 Bh3+ 41. Kg1 Bxg2 42. Kxg2 Rf8 43. Qe3 Qf3+ 44. Qxf3 exf3+ 45. Kf2 Rc8 46. Re4 Kf7 47. Kxf3 b5 48. cxb5 Rc5 49. Rd4 Rxb5 50. Kf4 Kf6 51. h4 h5 52. Ke4 Rb1 53. d6 Re1+ 54. Kd5 Re8 55. g4 Rd8 56. Kc6 Ke6 57. d7 Ke7 58. Kc7 1-0